Malacca voices from the street

Bibliographic Details
Main Author: Lim, Huck Chin
Other Authors: Jorge, Fernando
Format: Book
Published: Malaysia : Lim Huck Chin , 2006
Subjects:

MARC

LEADER 00000cam a2200000 7i4500
001 0000019589
005 20070625.0
020 |a 9834277806 
040 |a INS 
090 0 0 |a DS598.M3   |b L56 2006 
100 1 |a Lim, Huck Chin 
245 1 0 |a Malacca voices from the street   |c Lim Huck Chin, Fernando Jorge 
260 |a Malaysia :   |b Lim Huck Chin ,   |c 2006 
300 |a 367 p. :   |b ill., map., pic., col. ;   |c 27 cm. 
500 |a Includes index 
504 |a Bibliography : p. 360 - 361 
650 0 0 |a Historic buildings   |z Melaka 
650 0 0 |a Historic sites   |z Melaka 
651 0 |a Melaka   |x Description and travel 
651 0 |a Melaka   |x History 
700 1 |a Jorge, Fernando 
999 |a 0000018780   |b BOOK   |c Open Shelf   |e Default branch